=LDR 00000nam 2200000 4500 =001 INLIS000000000009960 =005 20130612101718 =008 ***********************************Ind** =035 ##$$0010-061300000009960 =041 ##$$a Ind =082 ##$$a 028.5 =090 ##$$a 028.5, Ber w =100 ##$$a Bertino, Andree =245 ##$$a Wajah batu di rushmore, Andree Bertino ; alih bahasa Esther S. Mandjani =250 ##$$a Seri keajaiban dunia =260 ##$$a 1996 $b Bogor =300 ##$$a 24 hlm, ilus, 20 cm =650 ##$$a Bacaan kanak-kanak =850 ##$$a NBPNMAT